سفنہ و ساحل / (Record no. 170605)

MARC details
000 -LEADER
fixed length control field 00502nam a22001937a 4500
005 - DATE AND TIME OF LATEST TRANSACTION
control field 20191218124044.0
010 ## - LCCN (DPL NO)
LC control number 197532
020 ## - INTERNATIONAL STANDARD BOOK NUMBER
Terms of availability 4.00
035 ## - SYSTEM CONTROL NUMBER
System control number 197532
037 ## - SOURCE OF ACQUISITION
Source of stock number/acquisition BPPD/Pub.
082 ## - DEWEY DECIMAL CLASSIFICATION NUMBER
Classification number 841
100 ## - MAIN ENTRY--PERSONAL NAME
Personal name عزیز وارشی
245 ## - TITLE STATEMENT
Title سفنہ و ساحل /
Statement of responsibility, etc عزیز وارشی
246 ## - VARYING FORM OF TITLE
Title proper/short title Safnah wa Sahil (Urdu) /
Remainder of title by aziz warshi
260 ## - PUBLICATION, DISTRIBUTION, ETC. (IMPRINT)
Place of publication, distribution, etc Delhi
Name of publisher, distributor, etc -
Date of publication, distribution, etc 1962 ء
270 ## - ADDRESS
Address -
City -
Postal code -
300 ## - PHYSICAL DESCRIPTION
Extent 192p.
Dimensions 17cm(Hb)
942 ## - ADDED ENTRY ELEMENTS (KOHA)
Source of classification or shelving scheme Dewey Decimal Classification
Item type Urdu Bks
Classification part 841
Call number suffix ع ز ی
Holdings
Withdrawn status Lost status Not for loan Collection code Home library Current library Date acquired Source of acquisition Cost, normal purchase price Full call number Barcode Copy number Cost, replacement price Koha item type
      Non-fiction Central Library Central Library 18/12/2019 BPPD/Ven. 4.00 841 ع ز ی 197532 1 4.00 Urdu Bks

© Delhi Public Library
Hit Counter
free hit counter